[Event "Guernsey Open"]
[Site "Guernsey"]
[Date "2010.10.19"]
[Round "3"]
[White "Pleasants, Allan J"]
[Black "Norman, Kenneth I"]
[Result "1/2-1/2"]
[WhiteElo "2048"]
[BlackElo "2168"]
[PlyCount "108"]
[EventDate "2010.10.17"]
[SourceDate "2010.10.30"]

1. Nf3 Nf6 2. c4 g6 3. Nc3 c5 4. g3 Bg7 5. Bg2 O-O 6. O-O d5 7. cxd5 Nxd5 8.
Qb3 Nc7 9. Qc4 Nba6 10. d3 Rb8 11. Be3 b6 12. a3 Bb7 13. Qh4 e5 14. Bg5 f6 15.
Qc4+ Kh8 16. Bd2 Qd7 17. Rac1 Ne6 18. Ne4 Nd4 19. Nxd4 cxd4 20. f4 Rbc8 21. Qb3
Bxe4 22. Bxe4 f5 23. Qd5 Qe7 24. Bf3 Nc5 25. fxe5 Rcd8 26. Qc4 Qxe5 27. Bf4 Qe7
28. b4 Ne6 29. Bd2 Ng5 30. Bxg5 Qxg5 31. Qc7 f4 32. g4 h5 33. h3 Qh4 34. Rf2
Rc8 35. Qxc8 Rxc8 36. Rxc8+ Kh7 37. Rg2 Qe1+ 38. Kh2 h4 39. Rc7 a5 40. bxa5
bxa5 41. a4 Kh8 42. Rc6 g5 43. Rg6 Bf8 44. Rxg5 Bb4 45. Re5 Bd2 46. g5 Be3 47.
g6 Kg7 48. Re7+ Kf6 49. Rf7+ Ke6 50. Bg4+ Kd6 51. g7 Bf2 52. Rxf2 Qxf2+ 53. Kh1
Qf1+ 54. Kh2 Qf2+ 1/2-1/2

[Event "Guernsey Open"]
[Site "Guernsey"]
[Date "2010.10.19"]
[Round "3"]
[White "Kirby, Peter"]
[Black "Gant, Chris"]
[Result "1/2-1/2"]
[WhiteElo "2031"]
[BlackElo "2206"]
[PlyCount "84"]
[EventDate "2010.10.17"]
[SourceDate "2010.10.30"]

1. e4 c5 2. Nf3 Nc6 3. Bb5 g6 4. Bxc6 dxc6 5. d3 Bg7 6. h3 e5 7. Be3 Qe7 8. Nc3
f6 9. Qd2 Be6 10. a3 h5 11. O-O Bh6 12. Rfb1 Bxe3 13. Qxe3 Nh6 14. b4 cxb4 15.
axb4 a6 16. Na4 g5 17. Qc5 g4 18. Qxe7+ Kxe7 19. hxg4 hxg4 20. Nh4 Rag8 21. g3
Nf7 22. Kg2 Nd6 23. Rh1 Kf7 24. Nc5 Bc8 25. Rh2 {(=)} Rd8 26. Re1 Nb5 27. Reh1
Nd4 28. c3 Ne6 29. Rd1 Nxc5 30. bxc5 Be6 31. Nf5 Rxh2+ 32. Kxh2 Bxf5 33. exf5
Kg7 34. Kg2 Kh6 35. f4 gxf3+ 36. Kxf3 Kg5 37. g4 Rh8 38. Rb1 Rh3+ 39. Ke4 Rh7
40. Kf3 Rh3+ 41. Ke4 Rh7 42. Kf3 Rh3+ 1/2-1/2

[Event "Guernsey Open"]
[Site "Guernsey"]
[Date "2010.10.19"]
[Round "3"]
[White "De Kruif, Kees"]
[Black "Taylor, Mark V"]
[Result "1/2-1/2"]
[WhiteElo "2010"]
[BlackElo "2128"]
[PlyCount "36"]
[EventDate "2010.10.17"]
[SourceDate "2010.10.30"]

1. b4 d5 2. Bb2 Nf6 3. e3 Bf5 4. Nf3 e6 5. b5 h6 6. c4 Nbd7 7. cxd5 exd5 8. Be2
Bd6 9. O-O O-O 10. a4 Re8 11. d3 Qe7 12. Nbd2 Bg6 13. Nb3 Rab8 14. Nbd4 Rec8
15. Nh4 Qe5 16. Nhf3 Qe7 17. Nh4 Qe5 18. Nhf3 Qe7 1/2-1/2

[Event "Guernsey Open"]
[Site "Guernsey"]
[Date "2010.10.19"]
[Round "3"]
[White "Ippel, Cornelius J"]
[Black "Collier, David O"]
[Result "1/2-1/2"]
[WhiteElo "1996"]
[BlackElo "2115"]
[PlyCount "158"]
[EventDate "2010.10.17"]
[SourceDate "2010.10.30"]

1. e4 c6 2. d4 d5 3. Nc3 dxe4 4. Nxe4 Bf5 5. Ng3 Bg6 6. Nf3 Nd7 7. Bc4 Qc7 8.
c3 e6 9. O-O Be7 10. Re1 O-O-O 11. Qe2 Ngf6 12. Ng5 Nd5 13. Bxd5 cxd5 14. Nf3
h5 15. Bg5 Bxg5 16. Nxg5 h4 17. Nf1 Qf4 18. Nh3 Qd6 19. Rac1 Kb8 20. Nd2 Nb6
21. Qe3 Rc8 22. Nf4 Bf5 23. h3 g5 24. Nd3 Bxd3 25. Qxd3 g4 26. hxg4 Rcg8 27.
Qh3 Qf4 28. Qh2 Rxg4 29. Qxf4+ Rxf4 30. Re3 Rg8 31. Rh3 Rfg4 32. Rh2 Nc4 33.
Nxc4 dxc4 34. Re1 R8g5 35. Re3 Rb5 36. Re2 Kc7 37. f3 Rf4 38. Kf2 Kd6 39. Ke3
Rbf5 40. b3 cxb3 41. axb3 e5 42. Rd2 exd4+ 43. Rxd4+ Rxd4 44. Kxd4 Rg5 45. Ke3
a5 46. Kf2 Rb5 47. Rxh4 Rxb3 48. Ra4 b6 49. Rd4+ Kc5 50. Rf4 Rxc3 51. g4 b5 52.
Rxf7 Kb4 53. g5 a4 54. g6 Rc8 55. f4 a3 56. Ra7 Kb3 57. g7 a2 58. f5 Kb2 59. f6
Rc2+ 60. Ke3 Rc3+ 61. Kf4 Rc4+ 62. Kf5 Ra4 63. Rxa4 bxa4 64. g8=Q a1=Q 65. Qb8+
Kc2 66. Qc7+ Kb3 67. Qb6+ Kc2 68. Qc5+ Kb3 69. Qb5+ Kc2 70. Qc4+ Kb2 71. Qd4+
Kb1 72. Qxa1+ Kxa1 73. f7 a3 74. f8=Q a2 75. Qh8+ Kb1 76. Qb8+ Ka1 77. Qd6 Kb2
78. Qb4+ Ka1 79. Qa4 Kb2 1/2-1/2

[Event "Guernsey Open"]
[Site "Guernsey"]
[Date "2010.10.19"]
[Round "3"]
[White "Hamperl, Fred A"]
[Black "Von Saldern, Ruediger"]
[Result "1-0"]
[WhiteElo "2101"]
[BlackElo "2012"]
[PlyCount "89"]
[EventDate "2010.10.17"]
[SourceDate "2010.10.30"]

1. e4 e5 2. Nf3 Nc6 3. d4 exd4 4. Nxd4 Bc5 5. Be3 Qf6 6. c3 Nge7 7. Bc4 O-O 8.
O-O Bb6 9. Na3 d6 10. Ndb5 Ne5 11. Bxb6 axb6 12. f4 Ng4 13. Qd3 d5 14. exd5 Bf5
15. Qf3 c6 16. dxc6 bxc6 17. Nd4 Qg6 18. Rae1 Nd5 19. Nxc6 Qxc6 20. Qxd5 Qg6
21. Qf3 Rac8 22. h3 Nf6 23. Re5 Ne4 24. Rd1 Rfe8 25. g4 Rxe5 26. fxe5 Be6 27.
Bd3 Bd5 28. c4 Ba8 29. Qe3 Qc6 30. Bxe4 Qxe4 31. Qxe4 Bxe4 32. Rd6 Rb8 33. Kf2
Kf8 34. Ke3 Bg2 35. h4 Ke7 36. g5 Bf1 37. Kd4 b5 38. c5 b4 39. Nc4 Ra8 40. Nb6
Rxa2 41. c6 Rxb2 42. Nd5+ Ke8 43. Nc7+ Ke7 44. Nd5+ Ke8 45. c7 1-0

[Event "Guernsey Open"]
[Site "Guernsey"]
[Date "2010.10.19"]
[Round "3"]
[White "Jouault, Louis"]
[Black "Paardekam, Rene"]
[Result "1/2-1/2"]
[WhiteElo "1984"]
[BlackElo "2090"]
[PlyCount "53"]
[EventDate "2010.10.17"]
[SourceDate "2010.10.30"]

1. e4 c6 2. d4 d5 3. e5 Bf5 4. Ne2 e6 5. Ng3 Bg6 6. h4 h6 7. h5 Bh7 8. Bd3 Bxd3
9. cxd3 c5 10. dxc5 Bxc5 11. d4 Bb4+ 12. Bd2 Qb6 13. Qg4 Kf8 14. O-O Nc6 15.
Be3 Nge7 16. a3 Ba5 17. b4 Bxb4 18. axb4 Qxb4 19. Na3 Nxe5 20. Qe2 N5c6 21.
Rfb1 Qc3 22. Rc1 Qb4 23. Nb5 Nc8 24. Rab1 Qe7 25. Qd2 a6 26. Nc3 Nd6 27. Qb2
1/2-1/2

[Event "Guernsey Open"]
[Site "Guernsey"]
[Date "2010.10.19"]
[Round "3"]
[White "Westerkamp, Bert"]
[Black "Downey, Kevin"]
[Result "1-0"]
[WhiteElo "2063"]
[BlackElo "1997"]
[PlyCount "63"]
[EventDate "2010.10.17"]
[SourceDate "2010.10.30"]

1. c4 Nf6 2. Nf3 b6 3. g3 Bb7 4. Bg2 c5 5. Nc3 e6 6. O-O d6 7. d4 cxd4 8. Qxd4
a6 9. Bg5 Be7 10. Rfd1 Nbd7 11. Rac1 Ra7 12. b3 Qb8 13. Bxf6 gxf6 14. Ne4 Bxe4
15. Qxe4 O-O 16. Nh4 Ne5 17. Qd4 Ng6 18. a4 Rd8 19. Rd3 f5 20. Nxg6 hxg6 21. e4
fxe4 22. Bxe4 Bf8 23. Rcd1 Bg7 24. Qe3 Bf8 25. h4 Bg7 26. Bxg6 fxg6 27. Qxe6+
Kh7 28. Rxd6 Re8 29. Qxg6+ Kg8 30. h5 Rae7 31. h6 Re1+ 32. Kh2 1-0

[Event "Guernsey Open"]
[Site "Guernsey"]
[Date "2010.10.19"]
[Round "3"]
[White "Van Randen, Fred"]
[Black "Bolt, Graham"]
[Result "0-1"]
[WhiteElo "1951"]
[BlackElo "2062"]
[PlyCount "82"]
[EventDate "2010.10.17"]
[SourceDate "2010.10.30"]

1. e4 g6 2. d4 Bg7 3. Nc3 d6 4. h3 a6 5. Nf3 Nd7 6. Be3 b6 7. Bd3 Bb7 8. Rb1 h6
9. O-O c5 10. Ne2 cxd4 11. Nfxd4 Ngf6 12. Ng3 Nc5 13. f3 Qc7 14. Nge2 O-O 15.
Qd2 Kh7 16. Nb3 d5 17. e5 Nxb3 18. axb3 Qxe5 19. Bxb6 Qd6 20. Bf2 e5 21. Nc3
Rad8 22. Bg3 Nh5 23. Bh2 f5 24. Na4 f4 25. Be2 Qe7 26. b4 Bc6 27. Nc5 a5 28. c3
e4 29. Rbd1 axb4 30. cxb4 e3 31. Qc2 Rb8 32. Rc1 Rxb4 33. Nd3 Rc4 34. Qb3 Ba4
35. Qb6 Qf6 36. Qa5 Bb3 37. Nc5 Rxc1 38. Rxc1 Bc4 39. Nd7 Qxb2 40. Nxf8+ Bxf8
41. Qa7+ Bg7 0-1

[Event "Guernsey Open"]
[Site "Guernsey"]
[Date "2010.10.19"]
[Round "3"]
[White "Prins, Jan"]
[Black "Hoare, Amy"]
[Result "1-0"]
[WhiteElo "2061"]
[BlackElo "1920"]
[PlyCount "111"]
[EventDate "2010.10.17"]
[SourceDate "2010.10.30"]

1. d4 Nf6 2. c4 g6 3. Nc3 d5 4. g3 Bg7 5. Bg2 dxc4 6. Qa4+ Nbd7 7. Bf4 c6 8.
Qxc4 Nb6 9. Qd3 Nbd5 10. Be5 O-O 11. e4 Nxc3 12. bxc3 Qa5 13. Ne2 Rd8 14. Qc2
Be6 15. O-O Bc4 16. Rfe1 e6 17. Rab1 Qa6 18. Nc1 Nd7 19. Bxg7 Kxg7 20. Rb4 c5
21. Rxc4 b5 22. Rxc5 Nxc5 23. dxc5 Rac8 24. Nb3 Qb7 25. c4 b4 26. Rd1 Qc7 27.
Rd6 Rxd6 28. cxd6 Qxd6 29. c5 Qc7 30. Qc4 a5 31. Qb5 Rb8 32. Qa4 Rc8 33. Bf3
Rb8 34. Kg2 Rc8 35. e5 Qxe5 36. Qxa5 Qb8 37. c6 Qd6 38. Qc5 Qb8 39. Na5 Rc7 40.
Nb7 Rc8 41. Qxb4 Qc7 42. a4 Rb8 43. a5 Ra8 44. Qb6 Qc8 45. a6 Rb8 46. c7 Ra8
47. Nd6 Qxa6 48. Qxa6 Rxa6 49. c8=Q Rxd6 50. h4 Rb6 51. Qd8 Rb5 52. g4 Rb4 53.
h5 gxh5 54. gxh5 Rb3 55. Qg5+ Kf8 56. h6 1-0

[Event "Guernsey Open"]
[Site "Guernsey"]
[Date "2010.10.19"]
[Round "3"]
[White "Chidi, Lovinia"]
[Black "Van Ingen, Ton"]
[Result "1/2-1/2"]
[WhiteElo "1801"]
[BlackElo "2058"]
[PlyCount "60"]
[EventDate "2010.10.17"]
[SourceDate "2010.10.30"]

1. e4 c5 2. g3 Nc6 3. Bg2 g6 4. Nf3 Bg7 5. O-O d6 6. d3 e6 7. c3 Nge7 8. Re1
O-O 9. Nbd2 Rb8 10. Nf1 b5 11. a3 a5 12. Bf4 b4 13. Qc2 Ba6 14. axb4 cxb4 15.
d4 Rc8 16. Qa4 e5 17. dxe5 dxe5 18. Rad1 Qc7 19. Bd2 Qb6 20. Ne3 Rcd8 21. Bf1
Bxf1 22. Kxf1 bxc3 23. Bxc3 Nb4 24. Kg2 Nd3 25. Rf1 Nxb2 26. Bxb2 Qxb2 27. Rxd8
Rxd8 28. Qxa5 Qb8 29. Qa2 Qa8 30. Qxa8 Rxa8 1/2-1/2

[Event "Guernsey Open"]
[Site "Guernsey"]
[Date "2010.10.19"]
[Round "3"]
[White "Knight, Tim R"]
[Black "Thurlow, Kevin J"]
[Result "0-1"]
[WhiteElo "1650"]
[BlackElo "2045"]
[PlyCount "64"]
[EventDate "2010.10.17"]
[SourceDate "2010.10.30"]

1. e4 c5 2. Nf3 e6 3. d4 cxd4 4. Nxd4 Nc6 5. Nb5 Bc5 6. Nd6+ Ke7 7. Nc4 b5 8.
Be3 d6 9. Bxc5 dxc5 10. Qxd8+ Nxd8 11. Ne3 Bd7 12. a4 b4 13. Nd2 Nf6 14. Be2
Nc6 15. f3 Nd4 16. Ndc4 Rhd8 17. Bd3 h5 18. Kf2 Rac8 19. Rhd1 g5 20. Ne5 Be8
21. b3 Nd7 22. Nxd7 Bxd7 23. Nc4 Bc6 24. Ne3 Rc7 25. Re1 Nxb3 26. cxb3 Rxd3 27.
Rab1 Bb7 28. Nc4 Ba6 29. Re3 Bxc4 30. bxc4 Rcd7 31. Rb3 Rxb3 32. Rxb3 Rd4 0-1

[Event "Guernsey Open"]
[Site "Guernsey"]
[Date "2010.10.19"]
[Round "3"]
[White "Morcom, Huw"]
[Black "Smith, David WF"]
[Result "1-0"]
[WhiteElo "1950"]
[BlackElo "1726"]
[PlyCount "65"]
[EventDate "2010.10.17"]
[SourceDate "2010.10.30"]

1. e4 c6 2. d4 d5 3. Nc3 dxe4 4. f3 exf3 5. Nxf3 Nf6 6. Be2 e6 7. O-O Be7 8.
Kh1 Nbd7 9. Be3 Qc7 10. Qd2 Bd6 11. Rae1 O-O 12. Bd3 Ng4 13. Bg1 Ndf6 14. h3
Nh5 15. Ne2 Bf4 16. Qc3 Ngf6 17. Bf2 Nd5 18. Qb3 Bd6 19. c4 Ndf4 20. Bb1 b6 21.
Nxf4 Nxf4 22. c5 bxc5 23. dxc5 Be7 24. Bg3 Bxc5 25. Qc2 g6 26. Qxc5 e5 27. Nxe5
Nh5 28. Bh2 Qb7 29. Ng4 Be6 30. Be5 f6 31. Nxf6+ Rxf6 32. Bxf6 Rf8 33. Be5 1-0

[Event "Guernsey Open"]
[Site "Guernsey"]
[Date "2010.10.19"]
[Round "3"]
[White "Goater, Kevin"]
[Black "Dennis, Nigel W"]
[Result "1-0"]
[WhiteElo "2154"]
[BlackElo "1950"]
[PlyCount "85"]
[EventDate "2010.10.17"]
[SourceDate "2010.10.30"]

1. d4 Nf6 2. Nf3 g6 3. Bf4 Bg7 4. e3 d6 5. h3 O-O 6. Nbd2 b6 7. Be2 Bb7 8. O-O
Nbd7 9. a4 c5 10. c3 cxd4 11. exd4 Ne4 12. Nxe4 Bxe4 13. Qd2 Bb7 14. Rfd1 Nf6
15. Bh6 Qc7 16. Bxg7 Kxg7 17. c4 Rfe8 18. a5 a6 19. Ra3 bxa5 20. Qxa5 Qxa5 21.
Rxa5 Rec8 22. Nd2 Nd7 23. b4 e5 24. dxe5 Nxe5 25. Ra4 h5 26. Raa1 Kh6 27. f4
Nc6 28. Ne4 Nxb4 29. Nxd6 Rc7 30. Nxb7 Rxb7 31. Bf3 Rba7 32. Bxa8 Rxa8 33. Rdb1
Nd3 34. f5 gxf5 35. Rb6+ Kg5 36. Ra3 Ne5 37. Rbxa6 Rxa6 38. Rxa6 Nxc4 39. h4+
Kxh4 40. Ra4 Kg5 41. Rxc4 f4 42. Kf2 Kg4 43. g3 1-0

[Event "Guernsey Open"]
[Site "Guernsey"]
[Date "2010.10.19"]
[Round "3"]
[White "Fassaert, Desire"]
[Black "Bakker, Joop PA"]
[Result "1/2-1/2"]
[WhiteElo "1926"]
[BlackElo "2019"]
[PlyCount "72"]
[EventDate "2010.10.17"]
[SourceDate "2010.10.30"]

1. Nf3 f5 2. g3 Nf6 3. Bg2 g6 4. c4 Bg7 5. Nc3 d6 6. O-O O-O 7. d3 e5 8. Rb1 a5
9. a3 Nc6 10. b4 axb4 11. axb4 h6 12. b5 Ne7 13. Qc2 g5 14. Bb2 Be6 15. Nd2 c6
16. Ra1 Qd7 17. Ra4 d5 18. Rfa1 Rxa4 19. Nxa4 e4 20. Nc5 Qc8 21. bxc6 bxc6 22.
Ra7 Rf7 23. Nxe6 Qxe6 24. cxd5 cxd5 25. dxe4 fxe4 26. Bd4 Nf5 27. Rxf7 Qxf7 28.
Qc8+ Ne8 29. Bxg7 Nfxg7 30. Bh3 Qe7 31. Qd7 Qe5 32. Kg2 h5 33. Kg1 g4 34. Bf1
e3 35. Nb3 d4 36. Qxd4 exf2+ 1/2-1/2

[Event "Guernsey Open"]
[Site "Guernsey"]
[Date "2010.10.19"]
[Round "3"]
[White "Burton, Ronnie"]
[Black "Bridel, Jon"]
[Result "1-0"]
[WhiteElo "2015"]
[BlackElo "1653"]
[PlyCount "53"]
[EventDate "2010.10.17"]
[SourceDate "2010.10.30"]

1. d4 b6 2. e4 Bb7 3. Nd2 e6 4. Ngf3 c5 5. c3 Nf6 6. Bd3 Be7 7. O-O O-O 8. e5
Ne8 9. Ne4 d6 10. Qe2 d5 11. Ng3 c4 12. Bc2 b5 13. b3 Qc7 14. Bd2 Nd7 15. bxc4
bxc4 16. Ng5 g6 17. h4 Ng7 18. h5 Nf5 19. hxg6 fxg6 20. Nxe6 Nxg3 21. Qg4 Qc6
22. Bxg6 Kh8 23. Qh3 Rf7 24. Bxf7 Nf8 25. Nxf8 Bxf8 26. fxg3 Bg7 27. Qe6 1-0

[Event "Guernsey Open"]
[Site "Guernsey"]
[Date "2010.10.19"]
[Round "3"]
[White "Forbes, Garry"]
[Black "Dijksterhuis, Rolf"]
[Result "1/2-1/2"]
[WhiteElo "1922"]
[BlackElo "2008"]
[PlyCount "39"]
[EventDate "2010.10.17"]
[SourceDate "2010.10.30"]

1. d4 d5 2. Nf3 Nf6 3. e3 e6 4. Bd3 Nbd7 5. O-O Be7 6. Nbd2 O-O 7. b3 c5 8. Bb2
a6 9. Ne5 Nxe5 10. dxe5 Ne8 11. Qh5 g6 12. Qh3 f5 13. f4 b5 14. Be2 Bb7 15.
Rad1 Qc7 16. Qg3 Rf7 17. h4 Rg7 18. Nf3 Bc6 19. Kf2 h5 20. Ng5 1/2-1/2

[Event "Guernsey Open"]
[Site "Guernsey"]
[Date "2010.10.19"]
[Round "3"]
[White "Nicholson, John"]
[Black "Lenier, Jude"]
[Result "0-1"]
[WhiteElo "1863"]
[BlackElo "1963"]
[PlyCount "46"]
[EventDate "2010.10.17"]
[SourceDate "2010.10.30"]

1. e4 e5 2. Nf3 Nc6 3. Bb5 a6 4. Ba4 Nf6 5. d3 b5 6. Bb3 Be7 7. c3 d6 8. O-O
O-O 9. h3 Na5 10. Bc2 c5 11. d4 Nc6 12. d5 Na5 13. Nbd2 Ne8 14. b4 Nb7 15. a4
Bd7 16. axb5 axb5 17. Rxa8 Qxa8 18. bxc5 Nxc5 19. Re1 f5 20. Nb3 Nxe4 21. Bxe4
fxe4 22. Rxe4 Nf6 23. Re1 Nxd5 0-1

[Event "Guernsey Open"]
[Site "Guernsey"]
[Date "2010.10.19"]
[Round "3"]
[White "Rowe, Peter"]
[Black "Williams, Peter D"]
[Result "1-0"]
[WhiteElo "2012"]
[BlackElo "1866"]
[PlyCount "91"]
[EventDate "2010.10.17"]
[SourceDate "2010.10.30"]

1. d4 d5 2. Nf3 Nf6 3. Bf4 e6 4. e3 Bd6 5. Bg3 b6 6. c3 O-O 7. Nbd2 Bb7 8. Bd3
Ne4 9. Qc2 f5 10. Ne5 Nd7 11. Ndf3 c5 12. Nxd7 Qxd7 13. Bxd6 Nxd6 14. Ne5 Qe7
15. O-O c4 16. Be2 f4 17. exf4 Rxf4 18. g3 Rf6 19. Rae1 Raf8 20. Bg4 Ne4 21. f3
Ng5 22. Qa4 Bc8 23. Qc2 g6 24. f4 Nf7 25. Qg2 Nxe5 26. Rxe5 Qf7 27. h4 h5 28.
Bh3 Kg7 29. Rfe1 Re8 30. Qe2 Bd7 31. Rg5 Kf8 32. Qe5 Ba4 33. Qe2 Bd7 34. Qc2
Re7 35. Rge5 Qe8 36. R1e3 Kf7 37. Qe2 Bc8 38. Bg2 Bb7 39. Kh2 Rf5 40. Bf3 Rxe5
41. Rxe5 Qh8 42. Qe3 Qf6 43. Bd1 Bc8 44. Bc2 Kg8 45. Bxg6 Rg7 46. Bxh5 1-0

[Event "Guernsey Open"]
[Site "Guernsey"]
[Date "2010.10.19"]
[Round "3"]
[White "Gibson, John"]
[Black "Goris Schouwstra, Adry"]
[Result "1-0"]
[WhiteElo "1873"]
[BlackElo "1911"]
[PlyCount "115"]
[EventDate "2010.10.17"]
[SourceDate "2010.10.30"]

1. d4 d5 2. Nf3 Nf6 3. e3 e6 4. Nbd2 Be7 5. Bd3 O-O 6. O-O Nbd7 7. Qe2 c5 8. c3
cxd4 9. exd4 Re8 10. Ne5 a6 11. f4 Nf8 12. Ndf3 N6d7 13. Bd2 f6 14. Nxd7 Bxd7
15. Rad1 Bd6 16. Qf2 Qb6 17. Be3 Bb5 18. Bxb5 Qxb5 19. g4 Qd7 20. g5 Kh8 21.
gxf6 gxf6 22. Kh1 Ng6 23. Nh4 Ne7 24. Qf3 Rg8 25. Rg1 Qe8 26. Bc1 Qf7 27. Qh3
e5 28. Rxg8+ Rxg8 29. fxe5 fxe5 30. dxe5 Bc5 31. Qf3 Rf8 32. Rf1 Qxf3+ 33. Rxf3
Rxf3 34. Nxf3 Ng6 35. Kg2 Kg7 36. Bg5 Kf7 37. Bf6 h6 {(=)} 38. Kg3 Nf8 39. Nd4
Nh7 40. Bd8 Nf8 41. Kg4 Kg6 42. e6 Nh7 43. Nf5 h5+ 44. Kf4 Nf6 45. Bxf6 Kxf6
46. e7 Bxe7 47. Nxe7 Kxe7 48. Ke5 a5 49. Kxd5 Kf6 50. Kc5 Kg5 51. Kb6 Kh4 52.
Kxb7 Kh3 53. c4 Kxh2 54. c5 h4 55. c6 h3 56. c7 Kg2 57. c8=Q h2 58. Qc2+ 1-0

[Event "Guernsey Open"]
[Site "Guernsey"]
[Date "2010.10.19"]
[Round "3"]
[White "Guttridge, David"]
[Black "Brookfield, Toby"]
[Result "0-1"]
[WhiteElo "1904"]
[BlackElo "1782"]
[PlyCount "114"]
[EventDate "2010.10.17"]
[SourceDate "2010.10.30"]

1. d4 f5 2. Nf3 Nf6 3. g3 e6 4. Bg2 Be7 5. O-O O-O 6. c4 d6 7. b3 Ne4 8. Qc2
Nc6 9. Nbd2 Nxd2 10. Bxd2 e5 11. d5 Nb8 12. Rac1 Nd7 13. b4 Qe8 14. Ng5 Bxg5
15. Bxg5 Qh5 16. Bd2 Nf6 17. Bf3 Qf7 18. e4 fxe4 19. Bxe4 Nxe4 20. Qxe4 Bh3 21.
Be3 Bxf1 22. Kxf1 a5 23. b5 b6 24. a4 Qh5 25. h4 Rf3 26. Ke1 Raf8 27. Rc2 Qf7
28. Re2 Qd7 29. Kd2 Qh3 30. Kc3 Qf1 31. Qc2 Rxe3+ 32. fxe3 Rf3 33. Kb2 Rxg3 34.
Rf2 Qh3 35. Rh2 Qg4 36. Re2 Rh3 37. Rg2 Qf3 38. Rf2 Qh5 39. Rf5 Qxh4 40. Rf8+
Kxf8 41. Qf5+ Qf6 42. Qc8+ Kf7 43. Qd7+ Qe7 44. Qf5+ Kg8 45. Qxh3 g6 46. Kc3
Qf7 47. e4 Kg7 48. Kd3 h6 49. Ke2 g5 50. Ke1 h5 51. Qc8 g4 52. Qd8 Kg6 53. Qc8
g3 54. Qh3 Qf2+ 55. Kd1 Qd4+ 56. Kc1 Qxc4+ 57. Kb2 Qe2+ 0-1

[Event "Guernsey Open"]
[Site "Guernsey"]
[Date "2010.10.19"]
[Round "3"]
[White "Warmerdam, Robert"]
[Black "Cummins, John"]
[Result "1/2-1/2"]
[WhiteElo "1789"]
[BlackElo "1882"]
[PlyCount "41"]
[EventDate "2010.10.17"]
[SourceDate "2010.10.30"]

1. d4 d5 2. c4 Nf6 3. Nc3 e6 4. Nf3 Be7 5. e3 Nbd7 6. Bd3 h6 7. Qc2 c6 8. Bd2
b6 9. cxd5 exd5 10. O-O Bb7 11. Rfe1 O-O 12. e4 dxe4 13. Nxe4 Re8 14. Rad1 Nd5
15. a3 Kh8 16. Ng3 Qc7 17. Nf5 Bf6 18. Bc4 c5 19. Qb3 Qc6 20. Bb5 Qc7 21. Bc4
1/2-1/2

[Event "Guernsey Open"]
[Site "Guernsey"]
[Date "2010.10.20"]
[Round "4"]
[White "Sveshnikov, Vladimir"]
[Black "Pert, Nicholas"]
[Result "0-1"]
[WhiteElo "2374"]
[BlackElo "2561"]
[PlyCount "106"]
[EventDate "2010.10.17"]
[SourceDate "2010.10.30"]

1. e4 e6 2. d4 d5 3. exd5 exd5 4. Nf3 Nc6 5. Bb5 Bd6 6. c4 dxc4 7. d5 a6 8. Ba4
b5 9. dxc6 bxa4 10. O-O Ne7 11. Nbd2 O-O 12. Qxa4 Rb8 13. a3 Be6 14. Nxc4 Bd5
15. Nxd6 Qxd6 16. Qf4 Qxc6 17. Ne5 Qe6 18. b4 Rfe8 19. Bb2 Ng6 20. Nxg6 Qxg6
21. Qg3 Re2 22. Bd4 Rbe8 23. Rac1 c6 24. Rc3 f6 25. Qxg6 hxg6 26. Re3 R8xe3 27.
Bxe3 Ra2 28. Bc1 g5 29. h3 Kf7 30. Re1 Kg6 31. g4 Kf7 32. Re3 Rc2 33. Re1 Rc3
34. Kh2 Rd3 35. Rg1 Rb3 36. Re1 Rc3 37. Bb2 Rf3 38. Re2 Rd3 39. Rc2 Rd1 40. f3
Bxf3 41. a4 Rd3 42. a5 Bd1 43. Rf2 Rb3 44. Bc1 Bf3 45. Rb2 Rd3 46. Bd2 Ke6 47.
Be1 g6 48. Rc2 Rd1 49. Bd2 Be4 50. Rb2 Rb1 51. Kg3 Rg1+ 52. Kf2 Rg2+ 53. Ke3
Kd5 0-1

[Event "Guernsey Open"]
[Site "Guernsey"]
[Date "2010.10.20"]
[Round "4"]
[White "Hillarp Persson, Tiger"]
[Black "Sveshnikov, Evgeny"]
[Result "1/2-1/2"]
[WhiteElo "2517"]
[BlackElo "2494"]
[PlyCount "86"]
[EventDate "2010.10.17"]
[SourceDate "2010.10.30"]

1. d4 d5 2. c4 e6 3. Nf3 Nf6 4. g3 dxc4 5. Bg2 Nc6 6. Qa4 Bb4+ 7. Bd2 Nd5 8.
Bxb4 Ndxb4 9. Nc3 Bd7 10. O-O a6 11. a3 b5 12. Qd1 Nd5 {(=)} 13. Ne4 O-O 14.
Nc5 Qe7 15. e3 Rfd8 16. b3 cxb3 17. Qxb3 Be8 18. Rfc1 a5 19. Nd2 Rab8 20. Nde4
a4 21. Qc2 Na5 22. Bf1 b4 23. axb4 Nxb4 24. Qc3 Nb3 25. Nxb3 Nd5 26. Qc5 axb3
27. Qxe7 Nxe7 28. Rcb1 Nd5 29. Rb2 e5 30. dxe5 Bc6 31. Nc5 Re8 32. Rxb3 Rxb3
33. Nxb3 Rxe5 34. Nd4 Be8 35. Ra5 c6 36. Ra8 c5 37. Nb5 Kf8 38. Nd6 Re6 39. Nb7
Nb6 40. Ra6 c4 41. Nc5 Rc6 42. Ne4 Nd5 43. Rxc6 Bxc6 1/2-1/2

[Event "Guernsey Open"]
[Site "Guernsey"]
[Date "2010.10.20"]
[Round "4"]
[White "Heppell, Ian N"]
[Black "Bellin, Robert"]
[Result "0-1"]
[WhiteElo "2126"]
[BlackElo "2365"]
[PlyCount "48"]
[EventDate "2010.10.17"]
[SourceDate "2010.10.30"]

1. e4 c5 2. Nc3 e6 3. f4 Nc6 4. Nf3 a6 5. d3 d5 6. Be2 Nf6 7. e5 Nd7 8. O-O Be7
9. Qe1 g6 10. Bd1 b5 11. g4 b4 12. Ne2 h5 13. f5 hxg4 14. fxe6 gxf3 15. exf7+
Kxf7 16. e6+ Kg7 17. Nf4 Bh4 18. exd7 Qxd7 19. Qd2 Qg4+ 20. Kh1 Nd4 21. c3 Bg3
22. cxd4 Bxh2 23. Qxh2 Rxh2+ 24. Kxh2 Qh4+ 0-1

[Event "Guernsey Open"]
[Site "Guernsey"]
[Date "2010.10.20"]
[Round "4"]
[White "Goris, Ton"]
[Black "Pleasants, Allan J"]
[Result "1/2-1/2"]
[WhiteElo "2044"]
[BlackElo "2048"]
[PlyCount "57"]
[EventDate "2010.10.17"]
[SourceDate "2010.10.30"]

1. e4 g6 2. d4 Bg7 3. Nc3 d6 4. f4 a6 5. Be3 c6 6. h3 b5 7. a3 Nd7 8. Nf3 Qc7
9. Qd2 Bb7 10. Bd3 e6 11. e5 Ne7 12. Ne4 Nc8 13. Qb4 Bf8 14. Qc3 Bg7 15. Qb4
Bf8 16. Qb3 Ncb6 17. Bd2 Nd5 18. c4 bxc4 19. Bxc4 Rb8 20. Qc2 dxe5 21. fxe5 Qb6
22. b4 Be7 23. Bh6 a5 24. Rb1 axb4 25. axb4 Ba6 26. Bxa6 Qxa6 27. Nc5 Nxc5 28.
bxc5 Kd7 29. Kf2 1/2-1/2

[Event "Guernsey Open"]
[Site "Guernsey"]
[Date "2010.10.20"]
[Round "4"]
[White "Bolt, Graham"]
[Black "Broek, Thomas"]
[Result "1/2-1/2"]
[WhiteElo "2062"]
[BlackElo "2217"]
[PlyCount "73"]
[EventDate "2010.10.17"]
[SourceDate "2010.10.30"]

1. g3 g6 2. Bg2 Bg7 3. d3 c5 4. Nc3 Nc6 5. e4 d6 6. Be3 Qa5 7. Qd2 Nf6 8. h3
Nd4 9. f4 e5 10. Nge2 Nh5 11. Kf2 Nxe2 12. Qxe2 exf4 13. gxf4 Qd8 14. Kf3 O-O
15. Qf2 f5 16. Ke2 fxe4 17. Bxe4 Nf6 18. Bf3 Re8 19. Kf1 Bf5 20. Kg2 Qd7 21.
Rae1 Rac8 22. Bd2 Rxe1 23. Qxe1 d5 24. Ne2 Re8 25. Bc1 d4 26. Qf2 Nd5 27. Ng3
Ne3+ 28. Kg1 Bh6 29. Nxf5 Qxf5 30. Be4 Rxe4 31. dxe4 Qxe4 32. Bxe3 dxe3 33. Qe2
Bxf4 34. h4 Bg3 35. Rh3 Bf2+ 36. Kf1 Qf4 37. Kg2 1/2-1/2

[Event "Guernsey Open"]
[Site "Guernsey"]
[Date "2010.10.20"]
[Round "4"]
[White "Williams, Peter A"]
[Black "Prins, Jan"]
[Result "1-0"]
[WhiteElo "2132"]
[BlackElo "2061"]
[PlyCount "105"]
[EventDate "2010.10.17"]
[SourceDate "2010.10.30"]

1. d4 d5 2. c4 c6 3. Nf3 Nf6 4. Nc3 g6 5. e3 Bg7 6. Be2 O-O 7. O-O b6 8. a4 Ba6
9. Qb3 e6 10. cxd5 Bxe2 11. Nxe2 exd5 12. a5 Nbd7 13. Nf4 Ne4 14. Nd3 bxa5 15.
Bd2 Nxd2 16. Nxd2 Qb6 17. Qa4 Qa6 18. Ra3 Nb6 19. Qxa5 Qxa5 20. Rxa5 Nc4 21.
Nxc4 dxc4 22. Nb4 Rfb8 23. Ra4 a5 24. Nxc6 Rxb2 25. Rc1 c3 26. Kf1 c2 27. Ke2
Bf8 28. Kd3 Ra6 29. d5 Rab6 30. Rxc2 R6b3+ 31. Kd2 Bb4+ 32. Nxb4 axb4 33. d6
Rxc2+ 34. Kxc2 Rc3+ 35. Kb2 Rc8 36. Rxb4 Kf8 37. d7 Rd8 38. Rd4 Ke7 39. Kc3
Rxd7 40. Rxd7+ Kxd7 41. Kd4 Ke6 42. Ke4 h6 43. f3 Kd6 44. g4 Ke6 45. f4 g5 46.
f5+ Kd6 47. Kd4 Kd7 48. Kd5 Ke7 49. e4 Ke8 50. e5 Kd8 51. e6 Ke7 52. exf7 Kxf7
53. Ke5 1-0